000 00902nam a2200253Ia 4500
003 OSt
005 20221005112348.0
006 a|||||r|||| 00| 0
007 ta
008 221004b |||||||| |||| 00| 0 pan d
020 _a9789380918457 (hbk)
_c180
024 _a3782
037 _b746, 12/03/2013, Bright Book Service
_cTextual
040 _aCRL
_cCRL
_bpan
041 _2pan
_apan
082 _aO153,3NKU2,GT, Q0
100 _aਕੁੱਸਾ, Fਿਵਚਰਨ ਜੱਗੀ
_9159378
245 0 _aਗੋਰਖ ਦਾ ਟਿੱਲਾ
260 _aਸਮਾਣਾ
_bਸੰਗਮ ਪਬਲੀਕੇFਨਗ਼ ਭਾਰਤ
_c2010
300 _a144ਪੰ
_ccm.
650 _aਪੰਜਾਬੀ ਸਾਹਿਤ
942 _hO153,3NKU2,GT, Q0
_cTEXL
_2cc
999 _c1024662
_d1024662